Малый бизнес: пособие начинающим предпринимателям

Dades bibliogràfiques
Autor principal: Камышев Э. Н. Эдуард Николаевич
Autor corporatiu: Томский политехнический университет (ТПУ)
Sumari:Учебное пособие «Малый бизнес» написано доктором философских наук, профессором, действительным членом (академиком) международной академии наук высшей школы Эдуардом Николаевичем Камышевым. Оно предназначено начинающим предпринимателям г. Томска, а также всем желающим, при овладении ими знаниями и навыками предпринимательской деятельности в условиях РФ и Томской области. В пособии рассматриваются вопросы, с которыми сталкивается каждый начинающий предприниматель: выбор формы деятельности, государственная регистрация предпринимательской деятельности, основы договорной работы, работа с банками, отношение с наемными работниками, бухгалтерский учет и отчетность на малом предприятии, различные режимы налогообложения и многие другие. Вопросы, рассматриваемые в учебнике, составлены с учетом специфики деятельности предпринимателей без образования юридического лица и руководителей небольших предприятий, действующих в сфере малого бизнеса.
Idioma:rus
Publicat: Томск, Изд-во ТПУ, 2007
Matèries:
Format: MixedMaterials Llibre
KOHA link:https://koha.lib.tpu.ru/cgi-bin/koha/opac-detail.pl?biblionumber=129468

MARC

LEADER 00000nam0a2200000 4500
001 129468
005 20231101220158.0
035 |a (RuTPU)RU\TPU\book\140131 
090 |a 129468 
100 |a 20080124d2007 m y0rusy50 ca 
101 0 |a rus 
102 |a RU 
105 |a y j 001zy 
200 1 |a Малый бизнес  |e пособие начинающим предпринимателям  |f Э. Н. Камышев  |g Томский политехнический университет (ТПУ) 
210 |a Томск  |c Изд-во ТПУ  |d 2007 
215 |a 116 с. 
320 |a Библиогр.: с. 116. 
330 |a Учебное пособие «Малый бизнес» написано доктором философских наук, профессором, действительным членом (академиком) международной академии наук высшей школы Эдуардом Николаевичем Камышевым. Оно предназначено начинающим предпринимателям г. Томска, а также всем желающим, при овладении ими знаниями и навыками предпринимательской деятельности в условиях РФ и Томской области. В пособии рассматриваются вопросы, с которыми сталкивается каждый начинающий предприниматель: выбор формы деятельности, государственная регистрация предпринимательской деятельности, основы договорной работы, работа с банками, отношение с наемными работниками, бухгалтерский учет и отчетность на малом предприятии, различные режимы налогообложения и многие другие. Вопросы, рассматриваемые в учебнике, составлены с учетом специфики деятельности предпринимателей без образования юридического лица и руководителей небольших предприятий, действующих в сфере малого бизнеса. 
606 1 |a Малое предпринимательство  |2 stltpush  |3 (RuTPU)RU\TPU\subj\36375  |9 57780 
610 1 |a экономика 
610 1 |a бизнес 
610 1 |a предпринимательство 
610 1 |a малый бизнес 
610 1 |a малое предпринимательство 
610 1 |a государственная регистрация 
610 1 |a договорные отношения 
610 1 |a страхование 
610 1 |a бухгалтерский учет 
610 1 |a налогообложение 
610 1 |a правовые вопросы 
610 1 |a учебные пособия 
610 1 |a труды учёных ТПУ 
686 |a У9(2)292я73  |v LBC/SL-A  |2 rubbk 
700 1 |a Камышев  |b Э. Н.  |c российский ученый  |c профессор кафедры социологии, психологии и права ТПУ  |f 1943-  |g Эдуард Николаевич  |2 stltpush  |3 (RuTPU)RU\TPU\pers\19796 
712 0 2 |a Томский политехнический университет (ТПУ)  |z 1991-  |2 stltpush  |3 (RuTPU)RU\TPU\col\376 
801 1 |a RU  |b 63413507  |c 20080124  |g PSBO 
801 2 |a RU  |b 63413507  |c 20220211  |g PSBO 
900 |a Бизнес-менеджмент 
942 |c BK